Statystyki dla WPISZ PODANE LICZBY

Kliknij tutaj aby rozwiązać quiz!

Ogólne statystyki

  • Ten quiz został rozwiązany 32 razy
  • Średni wynik to 11 z 15

Statystyki odpowiedzi

LICZBYODPOWIEDZI% Poprawnych
22
100%
6565
100%
88
96%
4343
92%
1111
84%
2323
80%
9999
80%
77
76%
8585
72%
90879087
68%
64326432
64%
3131
56%
467467
56%
5555
56%
7979
56%

Rozkład punktacji

Percentyl według liczby udzielonych odpowiedzi

Procent ludzi z każdym wynikiem

Twoja historia wyników

Nie rozwiązałeś tego quizu